| 000 | 00784nam a2200229 a 4500 | ||
|---|---|---|---|
| 001 | 56894 | ||
| 003 | BD-RjUL | ||
| 005 | 20211209080439.0 | ||
| 008 | 161204s1989 bg ||||| |||| 00| 0 ben d | ||
| 035 | _a(BD-RjUL)57018 | ||
| 040 |
_aBD-RjUL _bben _cBD-RjUL _dBD-RjUL |
||
| 041 | _aben | ||
| 082 |
_223 _a070.4 _bSAS 1989 |
||
| 100 |
_a-সৈয়দ তাজ-উস-শফী _9169132 |
||
| 245 | 1 | 0 |
_aসাংবাদিকতা : রীতি ও পদ্ধতি / _c-সৈয়দ তাজ-উস-শফী |
| 250 | _a২য় সং. | ||
| 260 |
_aঢাকা _bসমন্বয়, _c১৯৮৯ |
||
| 300 |
_a১১১ পৃ. ; _c২৩ সেমি. |
||
| 650 |
_aসাংবাদিকতা _9169124 |
||
| 650 |
_aJournalisim _9124562 |
||
| 942 |
_2ddc _cBK |
||
| 999 |
_c56894 _d56894 |
||